Normal view
MARC view
- Post, Scott
Entry Personal Name
001 - CONTROL NUMBER
- control field: 122594
003 - CONTROL NUMBER IDENTIFIER
- control field: NUST
005 - DATE AND TIME OF LATEST TRANSACTION
- control field: 20240513093257.0
008 - FIXED-LENGTH DATA ELEMENTS
- fixed length control field: 240513|| aca||aabn | a|a d
040 ## - CATALOGING SOURCE
- Original cataloging agency: NUST
- Transcribing agency: NUST
100 ## - HEADING--PERSONAL NAME
- Personal name: Post, Scott
670 ## - SOURCE DATA FOUND
- Source citation: Work cat.: (NUST): Post, Scott, Applied and Computational Fluid Mechanics, 2011
